Normal view
MARC view
- برجون، هنري ؛ تعريب سامي الدروبي ؛ عبدالله عبد الدائم
Entry Personal Name
001 - CONTROL NUMBER
- control field: 21102
003 - CONTROL NUMBER IDENTIFIER
- control field: JO-AjAnu
005 - DATE AND TIME OF LATEST TRANSACTION
- control field: 20230606073648.0
008 - FIXED-LENGTH DATA ELEMENTS
- fixed length control field: 230606|| aca||aabn | a|a d
040 ## - CATALOGING SOURCE
- Original cataloging agency: JO-AjAnu
- Transcribing agency: JO-AjAnu
100 ## - HEADING--PERSONAL NAME
- Personal name: برجون، هنري ؛ تعريب سامي الدروبي ؛ عبدالله عبد الدائم
670 ## - SOURCE DATA FOUND
- Source citation: Work cat.: (JO-AjAnu)10843: برجون، هنري ؛ تعريب سامي الدروبي ؛ عبدالله عبد الدائم, author, الضحك: بحث في دلالة المضحك